Dance moms Mackenzie's solos with pictures - Statistics

General Stats
  • This quiz has been taken 174 times
  • The average score is 22 of 35
Answer Stats
Picture Answer % Correct
Mouse Trap
91%
Cry
88%
I Just Want to Sit On the Couch and Eat Chips
82%
Killer Bee
81%
The Party Starts Right Now
81%
Dance Doctor
80%
Lemonade
79%
Sink Or Swim
76%
Bully
74%
Daisy Chains
74%
Bat Crazy
70%
Take It To Go
70%
Out Of My Mind
68%
Bigger Isn't Better
67%
Hollywood
67%
Boom Boom
64%
Red
64%
Hero
63%
Dancing Barefoot
60%
If the Shoe Fits
60%
Watch Me Fly
60%
Love Overdose
58%
Superstar
57%
Goodie Goodie
54%
Shoulda Coulda Woulda
54%
Who Are You
54%
It's a Perfect Day For Fun
53%
You Know You Love It
51%
Love is War
50%
Don't Take My Fire
49%
Old West
48%
California Adventure
47%
Reach For the Stars
47%
All I want
42%
Boys Like You
40%
No matching quizzes found
Score Distribution
Percent of People with Each Score
Percentile by Number Answered
Your Score History
You have not taken this quiz